Наблюдай природу. Вып.5: Плодовый и ягодный сад (Запись № 13480705)

Подробности
000 -МАРКЕР
контрольное поле 01106nam2a22002291 4500
001 - ИДЕНТИФИКАТОР ЗАПИСИ
контрольное поле RU\NLR\A1SV\48962
005 - ИДЕНТИФИКАТОР ВЕРСИИ
контрольное поле 20251203152403.2
035 ## - ДРУГИЕ СИСТЕМНЫЕ НОМЕРА
Идентификатор записи (NLR Aleph) 009731006
100 ## - ДАННЫЕ ОБЩЕЙ ОБРАБОТКИ
Данные общей обработки 20040105d1926 u y0rusy50 ca
101 0# - ЯЗЫК РЕСУРСА
Язык текста, звукозаписи и т.д. русский
200 1# - ЗАГЛАВИЕ И СВЕДЕНИЯ ОБ ОТВЕТСТВЕННОСТИ
Основное заглавие Плодовый и ягодный сад
210 ## - ПУБЛИКАЦИЯ, РАСПРОСТРАНЕНИЕ И ДР.
Место издания, распространения и т.д. М.
-- Л.
Дата издания, распространения и т.д. 1926
215 ## - ФИЗИЧЕСКАЯ ХАРАКТЕРИСТИКА
Специфическое обозначение материала и объем 76 с.
Другие сведения о физической характеристике 13 ил.
320 ## - ПРИМЕЧАНИЯ О НАЛИЧИИ В ДОКУМЕНТЕ БИБЛИОГРАФИИ / УКАЗАТЕЛЯ
Текст примечания Библиогр. в предисл.
461 #0 - УРОВЕНЬ НАБОРА
Встроенное поле 001RU\NLR\A1SV\48956
-- 2000#$aНаблюдай природу$e[Тетрадь для самостоят. работ и наблюдений]$fБ.Игнатьев и С.Соколов$vВып.5
-- 700#1$aИгнатьев$bБ. В.$f1883-1950$gБорис Варнавович$3RU\NLR\AUTH\770244514$4070
Системный номер (АБИС) связанной записи 9909209
Автор Игнатьев, Б. В. (1883-1950)
Место публикации М.
Дата публикации 1923-1926
Первые сведения об ответственности Б.Игнатьев и С.Соколов
Имя издателя, распространителя и т.д. Гос. изд.
Сведения, относящиеся к заглавию [Тетрадь для самостоят. работ и наблюдений]
Заглавие Наблюдай природу
Номер тома Вып.5
801 #0 - ИСТОЧНИК ЗАПИСИ
Страна Российская Федерация
Организация NLR
Дата составления 20040105
852 ## - МЕСТОНАХОЖДЕНИЕ И ШИФР ХРАНЕНИЯ
Идентификатор организации NLR
942 ## - ДОПОЛНИТЕЛЬНЫЕ ЭЛЕМЕНТЫ ЗАПИСИ (АБИС)
Тип экземпляра АБИС Книга
980 ## - КОЛЛЕКЦИЯ
Название коллекции Международный сводный каталог русской книги (1918-1926)
980 ## - КОЛЛЕКЦИЯ
Название коллекции Национальная библиография

Нет доступных экземпляров.